000 00521nam a22002057i 4500
001 3692
003 OSt
005 20170126082322.0
007 tu
008 161220s1997 xxu||||| |||| 00| 0 d
024 7 _a3691
_2RID
040 _cOSt
084 _a10.12
_2z
100 1 _aAiginger, Karl
245 0 0 _aThe Privatization Experiment in Austria
260 _aWien :
_bÖsterreichisches Institut für Wirtschaftsforschung (WIFO),
_c1997.
300 _a22 S. ;
_c30cm.
490 _aWIFO Working Papers
_v95
651 _aMonarchie
942 _cB
999 _c3635
_d3635